Statistics for Countries of the World for Experts - without any order

Click here to take the quiz!

General Stats

  • This quiz has been taken 8,481 times
    (3,727 since last reset)
  • The average score is 169 of 196

Answer Stats

Answer% Correct
Canada
93%
United States
93%
United Kingdom
92%
Russia
92%
Mexico
92%
France
91%
Brazil
91%
India
91%
China
91%
Japan
91%
Austria
90%
Germany
90%
Finland
90%
Latvia
90%
Spain
90%
Ireland
90%
Andorra
90%
Argentina
90%
Sweden
90%
Portugal
90%
Australia
90%
Norway
90%
Chile
90%
Afghanistan
90%
Belarus
89%
Greece
89%
Albania
89%
Iraq
89%
Iran
89%
Laos
89%
Denmark
89%
North Korea
89%
Estonia
89%
Lithuania
89%
Egypt
89%
Pakistan
89%
Iceland
89%
Algeria
89%
Indonesia
89%
Slovenia
88%
Netherlands
88%
Turkmenistan
88%
Guyana
88%
Bahamas
88%
Bosnia and Herzegovina
88%
Costa Rica
88%
Armenia
88%
Bolivia
88%
Dominica
88%
Slovakia
88%
Libya
88%
Peru
88%
Hungary
88%
Israel
88%
Oman
88%
Belize
88%
Paraguay
88%
New Zealand
88%
South Korea
88%
Lebanon
88%
Belgium
88%
Cuba
88%
Italy
88%
Fiji
88%
Chad
87%
Poland
87%
Jamaica
87%
Bhutan
87%
Serbia
87%
Haiti
87%
Saint Kitts and Nevis
87%
San Marino
87%
Saint Lucia
87%
Croatia
87%
Saudi Arabia
87%
Vietnam
87%
Barbados
87%
Cambodia
87%
Honduras
87%
Czech Republic
87%
Romania
87%
Bulgaria
87%
North Macedonia
87%
Republic of the Congo
87%
Qatar
87%
Angola
87%
Nicaragua
87%
Montenegro
87%
Democratic Republic of the Congo
87%
Kosovo
87%
Panama
87%
El Salvador
87%
Malta
87%
Georgia
87%
Jordan
87%
Sudan
86%
Kenya
86%
South Africa
86%
Yemen
86%
Switzerland
86%
Suriname
86%
Syria
86%
Turkey
86%
Bahrain
86%
Singapore
86%
Nepal
86%
Dominican Republic
86%
Vatican City
86%
South Sudan
86%
Monaco
86%
Myanmar
86%
Ukraine
86%
Guinea
86%
Kuwait
86%
Saint Vincent and the Grenadines
86%
Guatemala
86%
Kazakhstan
86%
Ecuador
86%
Mongolia
86%
Niger
86%
Malaysia
86%
Colombia
86%
Cyprus
86%
Thailand
86%
Antigua and Barbuda
85%
Ghana
85%
Nigeria
85%
Benin
85%
Samoa
85%
Moldova
85%
Luxembourg
85%
Swaziland
85%
Brunei
85%
Nauru
85%
Gambia
85%
Mali
85%
Lesotho
85%
Djibouti
85%
Eritrea
85%
Taiwan
85%
Palau
85%
United Arab Emirates
85%
Namibia
85%
Morocco
85%
Ethiopia
85%
Uruguay
84%
Philippines
84%
Tajikistan
84%
Venezuela
84%
Rwanda
84%
Liberia
84%
Liechtenstein
84%
Botswana
84%
Comoros
84%
Trinidad and Tobago
84%
Tunisia
84%
Bangladesh
84%
Togo
84%
Uzbekistan
84%
Sri Lanka
84%
Grenada
84%
Maldives
84%
Marshall Islands
84%
Mauritania
84%
Tonga
84%
Tuvalu
83%
Federated States of Micronesia
83%
Mozambique
83%
Seychelles
83%
East Timor
83%
Guinea-Bissau
83%
Madagascar
83%
Somalia
83%
Zambia
83%
Azerbaijan
83%
Mauritius
82%
Senegal
82%
Gabon
82%
Burundi
82%
Solomon Islands
82%
São Tomé and Príncipe
82%
Kiribati
82%
Tanzania
82%
Sierra Leone
82%
Cameroon
82%
Zimbabwe
82%
Central African Republic
82%
Kyrgyzstan
81%
Malawi
81%
Cote d'Ivoire
81%
Papua New Guinea
81%
Cape Verde
81%
Uganda
81%
Burkina Faso
80%
Vanuatu
79%
Equatorial Guinea
79%

Score Distribution

Percentile by Number Answered

Percent of People with Each Score

Your Score History

You have not taken this quiz since the last reset